1 nombre = 1 capitale - Statistiques

Statistiques générales
  • Ce quiz a été pris 156 fois
  • Le résultat moyen est 3 sur 15
Statistiques - réponses
Nombre ... Capitale % Correct
2 Papes qui y résident Vatican
99%
21 710 000 Habitants Pékin
44%
576 Gratte-ciel Tokyo
34%
23 Lettres Sri Jayawardenepura Kotte
23%
3,640 Altitude ( en mètres ) La Paz
21%
25 947 800 Touristes internationaux Bangkok
11%
70 Milliardaires Moscou
11%
271 Habitants Ngerulmud
11%
1 Mur qui sépare la capitale en deux Nicosie
11%
3,862 Meurtres ( en 1 an ) Caracas
8%
183 Ambassades étrangères Bruxelles
7%
16 808 Superficie (en km²) Pékin
4%
1617 PIB (en millards de dollards) Tokyo
4%
46 178 Densité (hab./km2) Manille
3%
-28 Altitude ( en mètres ) Bakou
1%
Aucun quiz correspondant
Distribution des résultats
% des personnes avec chaque résultat
Percentile par nombre de réponses
Votre historique - résultats
Vous n’avez pas pris ce quiz